[Event "Syre Memorial op 29th"]
[Site "Issy les Moulineaux"]
[Date "2006.05.27"]
[Round "4"]
[White "Breton, Guillaume"]
[Black "Perolle, Guy"]
[Result "1-0"]
[WhiteElo "1499"]
[BlackElo "1640"]
[PlyCount "77"]
[EventDate "2006.05.25"]
[EventType "swiss"]
[EventRounds "6"]
[EventCountry "FRA"]
[SourceTitle "EXT 2007"]
[Source "ChessBase"]
[SourceDate "2006.11.23"]
[SourceVersion "1"]
[SourceVersionDate "2006.11.23"]
[SourceQuality "1"]

1. e4 e6 2. d4 d5 3. e5 c5 4. c3 cxd4 5. cxd4 Bb4+ 6. Nc3 Qa5 7. Bd2 Bxc3 8. Bxc3 Qd8 9. Nf3 Nh6 10. Bd2 Nf5 11. Bd3 Nh4 12. 0-0 Nc6 13. Be3 0-0 14. Bxh7+ Kh8 15. Bd3 f5 16. Ng5 g6 17. g3 Kg7 18. f4 Qb6 19. Rf2 Bd7 20. gxh4 Rh8 21. Nf3 Rh5 22. a3 Rah8 23. h3 Qd8 24. Rh2 a6 25. b4 Qe7 26. Bf1 Na7 27. Rc2 Ba4 28. Rac1 Nc6 29. Bf2 Bxc2 30. Rxc2 Rd8 31. Ng5 Rhh8 32. Qc1 Rd7 33. b5 Na7 34. bxa6 bxa6 35. Bxa6 Rhd8 36. Be1 Rb8 37. Rc7 Rb1 38. Rxd7 Qxd7 39. Qxb1 1-0